[Event "Memorial M.Botvinnik (open)"]
[Site "masterchessopen.com St. Petersburg (Russia)"]
[Date "2011.08.15"]
[Round "4"]
[White "Androsov Sergey (RUS)"]
[Black "Filin Evgeny (RUS)"]
[Result "1-0"]
[WhiteElo "2088"]
[BlackElo "1709"]

1.e4 e5 2.Nf3 Nc6 3.Bb5 a6 4.Ba4 Nf6 5.O-O Be7 6.Re1 b5 7.Bb3 d6 8.c3 O-O 9.h3
Nb8 10.d4 Nbd7 11.Nbd2 Bb7 12.Bc2 Re8 13.Nf1 Bf8 14.Ng3 g6 15.Bg5 Bg7 16.Qd2
Nb6 17.b3 Rc8 18.Rad1 Qe7 19.Nh2 Qf8 20.f4 exd4 21.cxd4 Nbd7 22.Bxf6 Nxf6
23.Ng4 Nxe4 24.Bxe4 Bxe4 25.Rxe4 Rxe4 26.Nxe4 f5 27.Ng5 fxg4 28.hxg4 Qf6 29.d5
Re8 30.Re1 Qd4+ 31.Qxd4 Rxe1+ 32.Kf2 Bxd4+ 33.Kxe1 h6 34.Ne6 Bb6 35.Ke2 c5
36.dxc6 {#r} 1-0

[Event "Memorial M.Botvinnik (open)"]
[Site "masterchessopen.com St. Petersburg (Russia)"]
[Date "2011.08.16"]
[Round "5"]
[White "Alekseenko Kirill (RUS)"]
[Black "Stetsko Lanita (BLR)"]
[Result "1-0"]
[WhiteElo "2303"]
[BlackElo "2137"]

1.e4 e5 2.Nf3 Nc6 3.Bb5 a6 4.Ba4 Nf6 5.O-O Be7 6.Re1 b5 7.Bb3 d6 8.c3 O-O 9.h3
Nb8 10.d4 Nbd7 11.a4 Bb7 12.Bc2 Re8 13.Nbd2 Bf8 14.Bd3 c6 15.b3 Rc8 16.Bb2 Qc7
17.Rc1 Qb8 18.Qc2 Nh5 19.c4 Nf4 20.Bf1 b4 21.c5 exd4 22.Bxd4 Ne6 23.cxd6 Nxd4
24.Nxd4 Qxd6 25.Nf5 Qf6 26.Nc4 c5 27.Rcd1 Bxe4 28.Rxe4 Qxf5 29.Nd6 {#r} 1-0

[Event "It (open)"]
[Site "masterchessopen.com Bratto (Italy)"]
[Date "2011.08.23"]
[Round "4"]
[White "Attuati Stefano"]
[Black "Pantaleoni Claudio (ITA)"]
[Result "0-1"]
[WhiteElo "1963"]
[BlackElo "2166"]

1.e4 e5 2.Nf3 Nc6 3.Bb5 a6 4.Ba4 Nf6 5.O-O Be7 6.Re1 b5 7.Bb3 d6 8.c3 O-O 9.h3
Nb8 10.d4 Nbd7 11.Nbd2 Bb7 12.Bc2 c5 13.d5 c4 14.Nf1 g6 15.N3h2 Re8 16.Ne3 Bf8
17.Neg4 Nxg4 18.Nxg4 Qh4 19.Re3 h5 20.Nh2 Bh6 21.Rf3 Bxc1 22.Qxc1 Kg7 23.g3
Qxh3 24.Qe3 Nf6 25.g4 Qxh2+ 26.Kxh2 Nxg4+ 27.Kg3 Nxe3 28.Rxe3 Rf8 29.Kh4 Bc8
30.f3 Bd7 31.Rg1 f5 32.Rg5 fxe4 33.Bxe4 Rf4+ 34.Kg3 Bf5 35.Re2 Kh6 {#R} 0-1

[Event "Memorial Jessie Gilbert (open)"]
[Site "masterchessopen.com Coulsdon (England)"]
[Date "2011.08.25"]
[Round "6"]
[White "Jones Victor G L (ENG)"]
[Black "O'toole George E (ENG)"]
[Result "1-0"]
[WhiteElo "2153"]
[BlackElo "1960"]

1.e4 e5 2.Nf3 Nc6 3.Bb5 a6 4.Ba4 Nf6 5.O-O Be7 6.Re1 b5 7.Bb3 d6 8.c3 O-O 9.h3
Nb8 10.d4 Nbd7 11.Nbd2 Bb7 12.a4 Re8 13.Bc2 Bf8 14.Bd3 c6 15.b4 g6 16.Bb2 Bg7
17.axb5 cxb5 18.c4 exd4 19.cxb5 axb5 20.Nxd4 d5 21.Bxb5 Nxe4 22.N2b3 Bf8
23.Na5 Ba6 24.Ba4 Qh4 25.Rxe4 Rxe4 26.Bxd7 Bxb4 27.Nf3 Qd8 28.Qxd5 Re2 29.Ng5
Qf8 30.Qd4 Rxb2 31.Qxb2 Qe7 32.Nc6 Qxd7 33.Nxb4 Qb5 34.Qf6 Qxb4 35.Qxf7+ Kh8
36.Qxh7# 1-0

[Event "Memorial R.Reti (open)"]
[Site "masterchessopen.com Trnava (Slovakia)"]
[Date "2011.08.30"]
[Round "3"]
[White "Mazur Stefan (SVK)"]
[Black "Kovac Lubomir (SVK)"]
[Result "1-0"]
[WhiteElo "2386"]
[BlackElo "2201"]

1.e4 e5 2.Nf3 Nc6 3.Bb5 a6 4.Ba4 Nf6 5.O-O Be7 6.Re1 b5 7.Bb3 d6 8.c3 O-O 9.h3
Nb8 10.d4 Nbd7 11.Nbd2 Bb7 12.Bc2 Re8 13.a4 Bf8 14.Bd3 c6 15.Nf1 Nb6 16.b3 Rc8
17.Ng3 g6 18.Bg5 h6 19.Be3 Nbd7 20.Bc2 c5 21.d5 Rb8 22.Qd2 Kh7 23.Nh2 Bg7
24.Ng4 Nxg4 25.hxg4 Nf6 26.f3 Ng8 27.Kf2 g5 28.Rh1 f6 29.axb5 axb5 30.Ra7 Kg6
31.Bd3 Qb6 32.Rha1 Ra8 33.Rxa8 Bxa8 34.b4 Bf8 35.Ra5 Qc7 36.Bxb5 cxb4 37.Bxe8+
{#r} 1-0

[Event "Ch Belgrade (team) (Premijer liga)"]
[Site "masterchessopen.com Belgrade (Serbia)"]
[Date "2011.10.02"]
[Round "2"]
[White "Sarenac Ivan (SRB)"]
[Black "Orlov Pavle (SRB)"]
[Result "1-0"]
[WhiteElo "2294"]
[BlackElo "2251"]

1.e4 e5 2.Nf3 Nc6 3.Bb5 a6 4.Ba4 Nf6 5.O-O Be7 6.Re1 b5 7.Bb3 d6 8.c3 O-O 9.h3
Nb8 10.d4 Nbd7 11.Nbd2 Bb7 12.d5 c6 13.dxc6 Bxc6 14.Bc2 Qc7 15.Nf1 Rad8 16.Ng3
g6 17.Bg5 Rfe8 18.a4 d5 19.axb5 axb5 20.exd5 Bxd5 21.Bb3 Nc5 22.Bxd5 Rxd5
23.Qc2 e4 24.Bxf6 Bxf6 25.Nxe4 Nxe4 26.Rxe4 Rxe4 27.Qxe4 Qd7 28.Kh2 Qd6+ 29.g3
Qd7 30.Kg2 Kg7 31.Ra6 Qb7 32.Rd6 {#r} 1-0

[Event "It (cat.7)"]
[Site "masterchessopen.com Budapest (Hungary)"]
[Date "2011.10.03"]
[Round "3"]
[White "Szabo Krisztian (HUN)"]
[Black "Kislik Erik Andrew (USA)"]
[Result "1-0"]
[WhiteElo "2546"]
[BlackElo "2320"]

1.e4 e5 2.Nf3 Nc6 3.Bb5 a6 4.Ba4 Nf6 5.O-O Be7 6.Re1 b5 7.Bb3 d6 8.c3 O-O 9.h3
Nb8 10.d4 Nbd7 11.Nbd2 Bb7 12.Bc2 Re8 13.b3 c6 14.Nf1 Bf8 15.Ng3 g6 16.Bg5 h6
17.Be3 Bg7 18.Qd2 h5 19.Rad1 Qe7 20.Bg5 Qf8 21.b4 Rac8 22.Bb3 Rc7 23.Nh4 Kh8
24.f4 Nh7 25.fxe5 Nxg5 26.Qxg5 Bh6 27.Nxg6+ fxg6 28.Qxg6 {#r} 1-0

[Event "Ch India"]
[Site "masterchessopen.com Aurangabad (India)"]
[Date "2011.10.10"]
[Round "2"]
[White "Thipsay Praveen M (IND)"]
[Black "Sangma Rahul (IND)"]
[Result "1-0"]
[WhiteElo "2433"]
[BlackElo "2385"]

1.e4 e5 2.Nf3 Nc6 3.Bb5 a6 4.Ba4 Nf6 5.O-O Be7 6.Re1 b5 7.Bb3 d6 8.c3 O-O 9.h3
Nb8 10.d4 Nbd7 11.Nbd2 Bb7 12.Bc2 Re8 13.a4 Bf8 14.Bd3 c6 15.b3 Qc7 16.Bb2 g6
17.Qc2 Bg7 18.b4 d5 19.Nxe5 Nxe5 20.dxe5 dxe4 21.Nxe4 Nxe4 22.Bxe4 Bxe5 23.Re2
Re6 24.Rae1 Rae8 25.Ba3 bxa4 26.Bf3 c5 27.bxc5 Bxf3 28.gxf3 Qc6 29.Kg2 f5
30.Qd3 Kg7 31.c4 Bf6 32.Rxe6 Rxe6 33.Rb1 Re7 34.Qd5 Rc7 35.Rb6 Qd7 36.c6 Qe8
37.Rb7 Be5 38.Bb2 {#r} 1-0

[Event "Ch India"]
[Site "masterchessopen.com Aurangabad (India)"]
[Date "2011.10.13"]
[Round "5"]
[White "Sangma Rahul (IND)"]
[Black "Babu N Sudhakar (IND)"]
[Result "1-0"]
[WhiteElo "2385"]
[BlackElo "2319"]

1.e4 e5 2.Nf3 Nc6 3.Bb5 a6 4.Ba4 Nf6 5.O-O Be7 6.Re1 b5 7.Bb3 d6 8.c3 O-O 9.h3
Nb8 10.d4 Nbd7 11.Nbd2 Bb7 12.Bc2 Re8 13.Nf1 Bf8 14.Ng3 g6 15.b3 Bg7 16.d5 Qb8
17.Be3 c6 18.c4 h6 19.Qd2 Kh7 20.Nh2 Qc7 21.Rac1 bxc4 22.bxc4 a5 23.Ng4 Ng8
24.Ba4 h5 25.Nh2 Bh6 26.f4 Nc5 27.Bc2 h4 28.Ngf1 Nf6 29.fxe5 Ncxe4 30.Bxe4
Nxe4 31.Qd4 Bxe3+ 32.Nxe3 Rxe5 33.Neg4 f5 34.Nf3 Rae8 35.Rxe4 fxe4 36.Nfxe5
{#r} 1-0

[Event "It (open)"]
[Site "masterchessopen.com Jakarta (Indonesia)"]
[Date "2011.10.16"]
[Round "4"]
[White "Juswanto Denny (INA)"]
[Black "Hamdani Rudin (INA)"]
[Result "0-1"]
[WhiteElo "2428"]
[BlackElo "2296"]

1.e4 e5 2.Nf3 Nc6 3.Bb5 a6 4.Ba4 Nf6 5.O-O b5 6.Bb3 Be7 7.Re1 d6 8.c3 O-O 9.h3
Nb8 10.d4 Nbd7 11.Nbd2 Bb7 12.Bc2 Re8 13.Nf1 Bf8 14.Ng3 g6 15.Nh2 Bg7 16.f4
Re7 17.fxe5 dxe5 18.Nf3 h6 19.a4 Ne8 20.d5 c6 21.dxc6 Bxc6 22.Be3 Kh7 23.Qd2
Qb8 24.a5 Qb7 25.Rad1 Qc7 26.b4 Rc8 27.Nh4 Ndf6 28.Bc5 Rd7 29.Qf2 Nd6 30.Nhf5
Ndxe4 31.Rxd7 Qxd7 32.Nxe4 Nxe4 33.Bxe4 Bxe4 34.Nxg7 Kxg7 35.Rxe4 {#R} 0-1

[Event "Tournament (Elo) (c)"]
[Site "masterchessopen.com Budapest (Hungary)"]
[Date "2011.11.07"]
[Round "3"]
[White "Dancs Zsolt (HUN)"]
[Black "Bacsi Andras (HUN)"]
[Result "1-0"]
[WhiteElo "2114"]
[BlackElo "1905"]

1.e4 e5 2.Nf3 Nc6 3.Bb5 a6 4.Ba4 Nf6 5.O-O Be7 6.Re1 b5 7.Bb3 O-O 8.c3 d6 9.h3
Nb8 10.d4 Nbd7 11.Nbd2 Bb7 12.Bc2 c5 13.d5 c4 14.Nf1 Nc5 15.Ng3 Re8 16.Be3 Rc8
17.a4 Qc7 18.Nh2 g6 19.axb5 axb5 20.f4 Nfd7 21.f5 Bh4 22.Qg4 Bxg3 23.Qxg3 Nf8
24.Ng4 Kh8 25.Qh4 Nfd7 26.Nf6 {#r} 1-0

[Event "Ch World (juniors) (under 16) (g)"]
[Site "masterchessopen.com Caldas Novas (Brazil)"]
[Date "2011.11.19"]
[Round "2"]
[White "Osmanodja Filiz (GER)"]
[Black "Herrera Kerly (ECU)"]
[Result "1-0"]
[WhiteElo "2127"]
[BlackElo "1805"]

1.e4 e5 2.Nf3 Nc6 3.Bb5 a6 4.Ba4 Nf6 5.O-O b5 6.Bb3 Be7 7.Re1 O-O 8.h3 d6 9.c3
Nb8 10.d4 Nbd7 11.Nbd2 Re8 12.Bxf7+ Kh8 13.Ng5 {#r} 1-0

[Event "It (open)"]
[Site "masterchessopen.com Orange (USA)"]
[Date "2011.11.24"]
[Round "2"]
[White "Peters John A (USA)"]
[Black "Zavadsky Peter (SVK)"]
[Result "1-0"]
[WhiteElo "2360"]
[BlackElo "1858"]

1.e4 e5 2.Nf3 Nc6 3.Bb5 a6 4.Ba4 Nf6 5.O-O Be7 6.Re1 b5 7.Bb3 O-O 8.c3 d6 9.h3
Nb8 10.d4 Nbd7 11.c4 Bb7 12.Nc3 c6 13.a3 Qc7 14.Bg5 h6 15.Bh4 Rfe8 16.Rc1 Qb8
17.Ba2 Bd8 18.Rc2 exd4 19.Nxd4 c5 20.Nf5 b4 21.Nxd6 bxc3 22.Nxe8 Nxe8 23.Bxd8
Qxd8 24.Rxc3 Qc7 25.f4 Nef6 26.e5 Ne4 27.Rd3 Nf8 28.Bb1 f5 29.Qh5 Qc6 30.Qxf5
Nd6 31.Qg4 Nf5 32.Rd2 Nd4 33.f5 Rd8 34.Rf2 Nh7 35.f6 Ng5 36.h4 Nge6 37.Qg6
{#r} 1-0

[Event "It (active) (w) \"]
[Site "masterchessopen.com Berlin (Germany)"]
[Date "2011.11.25"]
[Round "6"]
[White "Zatonskih Anna (USA)"]
[Black "Paehtz Elisabeth (GER)"]
[Result "1-0"]
[WhiteElo "2506"]
[BlackElo "2457"]

1.e4 e5 2.Nf3 Nc6 3.Bb5 a6 4.Ba4 Nf6 5.O-O Be7 6.Re1 b5 7.Bb3 d6 8.c3 O-O 9.h3
Nb8 10.d4 Nbd7 11.Nbd2 Re8 12.Bxf7+ Kh8 13.Ng5 Nb6 14.Bxe8 Qxe8 15.dxe5 dxe5
16.Qb3 Bd6 17.Qc2 Qd7 18.Nf1 Bf8 19.Bf4 Kg8 20.Rad1 Nc4 21.b3 Nb6 22.Ne3 Ng4
23.Nxg4 c5 24.Bg3 c4 25.b4 a5 26.a3 axb4 27.axb4 Qc7 28.Kh1 h5 29.Ne3 Nd5
30.Ra1 Qd7 31.Rad1 Qf7 32.Nxd5 g6 33.Nf6+ {#r} 1-0

[Event "Ch Netherlands (team) 2011/12"]
[Site "masterchessopen.com Netherlands"]
[Date "2011.11.26"]
[Round "3"]
[White "Houtman Joop (NED)"]
[Black "Jens Jelmer (NED)"]
[Result "0-1"]
[WhiteElo "2206"]
[BlackElo "2380"]

1.e4 e5 2.Nf3 Nc6 3.Bb5 a6 4.Ba4 Nf6 5.O-O Be7 6.Re1 b5 7.Bb3 d6 8.c3 O-O 9.h3
Nb8 10.d4 Nbd7 11.Nbd2 Bb7 12.Bc2 Re8 13.Nf1 Bf8 14.Ng3 g6 15.a4 c5 16.dxe5
dxe5 17.b3 Qc7 18.Qe2 b4 19.Bb2 bxc3 20.Bxc3 Nb8 21.Bd3 Nc6 22.Rac1 Qb6 23.Bc4
Bh6 24.Bd2 Bf4 25.Ng5 Nd4 26.Qd3 Re7 27.Bxf4 exf4 28.e5 fxg3 29.exf6 gxf2+
30.Kxf2 Qxf6+ 31.Nf3 Bxf3 32.gxf3 Qh4+ 33.Kf1 Qxh3+ 34.Kf2 Qh4+ {#R} 0-1

[Event "It (cat.6)"]
[Site "masterchessopen.com Bogoroditsk (Russia)"]
[Date "2011.12.14"]
[Round "5"]
[White "Novikov Maxim (RUS)"]
[Black "Kotova Larisa (RUS)"]
[Result "1-0"]
[WhiteElo "2514"]
[BlackElo "2211"]

1.e4 e5 2.Nf3 Nc6 3.Bb5 a6 4.Ba4 Nf6 5.O-O Be7 6.Re1 b5 7.Bb3 d6 8.c3 O-O 9.h3
Nb8 10.d4 Nbd7 11.Nbd2 Bb7 12.Bc2 Re8 13.Nf1 Bf8 14.Ng3 g6 15.b3 Bg7 16.d5 Rc8
17.c4 c6 18.Be3 Nb6 19.Rb1 cxd5 20.cxd5 Nbxd5 21.exd5 Nxd5 22.Bd2 Qd7 23.b4
Nb6 24.Bb3 d5 25.Rc1 Nc4 26.Bc3 d4 27.Ba1 Qd6 28.Ne4 Qxb4 29.Rb1 f5 30.Bxc4+
Qxc4 31.Nd6 Bxf3 32.Qxf3 Qxa2 33.Bxd4 e4 34.Qd1 Rcd8 35.Bxg7 Qe6 36.Ba1 Rxd6
37.Qc1 {#r} 1-0

[Event "It (open)"]
[Site "masterchessopen.com Litomysl (Czech Republic)"]
[Date "2011.12.30"]
[Round "7"]
[White "Sabol Marian (CZE)"]
[Black "Cizinsky Petr (CZE)"]
[Result "0-1"]
[WhiteElo "2371"]
[BlackElo "2162"]

1.e4 e5 2.Nf3 Nc6 3.Bb5 a6 4.Ba4 Nf6 5.O-O Be7 6.Re1 b5 7.Bb3 O-O 8.h3 d6 9.c3
Nb8 10.d4 Nbd7 11.Nbd2 Bb7 12.Bc2 c5 13.d5 c4 14.Nf1 Re8 15.g4 Nc5 16.Ng3 g6
17.Be3 Qc7 18.Qd2 Nfd7 19.g5 Bf8 20.Nh2 Bg7 21.Ng4 Rf8 22.Kg2 Na4 23.Rab1 Nab6
24.f3 f6 25.h4 Nxd5 26.exd5 f5 27.h5 fxg4 28.hxg6 gxf3+ 29.Kf2 e4 30.gxh7+ Kh8
31.Bd4 Ne5 32.Nh5 Qd7 33.Nxg7 Qh3 34.Ne6 e3+ {#R} 0-1

[Event "Tournament (open) \"]
[Site "masterchessopen.com Palmi (Italy)"]
[Date "2012.01.04"]
[Round "4"]
[White "Iannello Antonio"]
[Black "Alvaro Francesco"]
[Result "1-0"]
[WhiteElo "1605"]
[BlackElo "1734"]

1.e4 e5 2.Nf3 Nc6 3.Bb5 a6 4.Ba4 Nf6 5.O-O b5 6.Bb3 Be7 7.Re1 O-O 8.c3 d6 9.h3
Nb8 10.d4 Nbd7 11.Nbd2 Bb7 12.Bc2 Re8 13.Nf1 h6 14.Ng3 Bf8 15.b3 g6 16.Be3 Bg7
17.Qd2 Rc8 18.Bxh6 c6 19.Bxg7 Kxg7 20.Bd3 Rh8 21.Rac1 Qe7 22.c4 exd4 23.Nxd4
Ne5 24.Ndf5+ gxf5 25.Nxf5+ Kf8 26.Nxe7 Kxe7 27.f4 Nf3+ 28.gxf3 Rcg8+ 29.Kf2
Rxh3 30.Ke3 Ng4+ 31.Kd4 c5+ 32.Kc3 Rh2 33.Re2 b4+ 34.Kb2 {#r} 1-0

[Event "It (open)"]
[Site "masterchessopen.com Tabriz (Iran)"]
[Date "2012.01.20"]
[Round "11"]
[White "Hosseinzadeh Nima (IRI)"]
[Black "Khorshidi Mohammadreza (IRI)"]
[Result "1-0"]
[WhiteElo "2226"]
[BlackElo "2128"]

1.e4 e5 2.Nf3 Nc6 3.Bb5 a6 4.Ba4 Nf6 5.O-O Be7 6.Re1 b5 7.Bb3 d6 8.c3 O-O 9.h3
Nb8 10.d4 Nbd7 11.c4 exd4 12.cxb5 Bb7 13.Nxd4 axb5 14.Nf5 Re8 15.Nc3 Nc5
16.Bg5 Bf8 17.Qf3 Nxb3 18.Nh6+ gxh6 19.Bxf6 Qxf6 20.Qxf6 Bg7 21.Qf4 Nxa1
22.Rxa1 b4 23.Nd5 Bxd5 24.exd5 Bxb2 25.Rb1 Bc3 26.Qc4 Ra7 27.Rc1 Kf8 28.Rc2
Re7 29.Kh2 Ra5 30.Rxc3 {#r} 1-0

[Event "Ch Valle (juniors) (under 20)"]
[Site "masterchessopen.com Cali (Colombia)"]
[Date "2012.01.27"]
[Round "1"]
[White "Norena Wilder"]
[Black "Cardoso Cardoso Jose Gabriel"]
[Result "1-0"]
[WhiteElo "1517"]
[BlackElo "1445"]

1.e4 e5 2.Nf3 Nc6 3.Bb5 a6 4.Ba4 Nf6 5.O-O Be7 6.Re1 b5 7.Bb3 d6 8.c3 Nb8 9.h3
O-O 10.d4 Nbd7 11.Nbd2 Re8 12.Nf1 Bf8 13.Ng3 g6 14.Bg5 Bg7 15.Nh2 Bb7 16.Ng4
Qe7 17.Nh6+ Bxh6 18.Bxh6 exd4 19.cxd4 Nxe4 20.Qg4 Ndf6 21.Qh4 Nd7 22.Bg5 Ndf6
23.Nxe4 Bxe4 24.Bxf6 Qf8 25.Rxe4 Rxe4 26.Qxe4 Qe8 27.Qxe8+ Rxe8 28.Kf1 c5
29.dxc5 dxc5 30.Re1 Rxe1+ 31.Kxe1 Kf8 32.Bd5 Ke8 33.Bb7 a5 34.Bc6+ Kf8 35.Bxb5
Kg8 36.Be7 f5 37.Bxc5 {#r} 1-0

[Event "Cup RGSU (students) (w)"]
[Site "masterchessopen.com Moscow (Russia)"]
[Date "2012.02.02"]
[Round "6"]
[White "Bulmaga Irina (ROM)"]
[Black "Kashlinskaya Alina (RUS)"]
[Result "0-1"]
[WhiteElo "2360"]
[BlackElo "2389"]

1.e4 e5 2.Nf3 Nc6 3.Bb5 a6 4.Ba4 Nf6 5.O-O Be7 6.Re1 b5 7.Bb3 d6 8.c3 O-O 9.h3
Nb8 10.d4 Nbd7 11.Nbd2 Bb7 12.a4 g6 13.Qe2 Rb8 14.axb5 axb5 15.Nf1 Bxe4 16.Bh6
Bxf3 17.Qxf3 Re8 18.Nh2 c5 19.dxe5 dxe5 20.Ra7 e4 21.Rxe4 c4 22.Bc2 Nxe4
23.Bxe4 Ne5 24.Qf4 Bc5 25.Ng4 Qd1+ 26.Kh2 Nxg4+ 27.hxg4 Bd6 {#R} 0-1

[Event "It (open) (w)"]
[Site "masterchessopen.com Moscow (Russia)"]
[Date "2012.02.02"]
[Round "6"]
[White "Tischenko Ekaterina (RUS)"]
[Black "Dyakonova Ekaterina (RUS)"]
[Result "0-1"]
[WhiteElo "1758"]
[BlackElo "1927"]

1.e4 e5 2.Nf3 Nc6 3.Bb5 a6 4.Ba4 Nf6 5.O-O Be7 6.Re1 b5 7.Bb3 d6 8.c3 O-O 9.h3
Nb8 10.d4 Nbd7 11.Nbd2 Bb7 12.Bc2 Re8 13.Nf1 Bf8 14.Ng3 g6 15.b3 Bg7 16.d5 Rc8
17.Be3 c6 18.c4 Nb6 19.Qe2 cxd5 20.cxd5 Nbxd5 21.exd5 Nxd5 22.Rac1 Nc3 23.Qd2
Nxa2 24.Rb1 Nc3 25.Rbc1 b4 26.Bh6 Bh8 27.Ne4 d5 28.Ng3 Qb6 29.Qg5 Na2 30.Rb1
Rxc2 31.Rf1 e4 32.Nh4 d4 33.Ngf5 Qf6 34.Qg3 Nc3 35.Bg5 Ne2+ 36.Kh2 Nxg3
37.Nh6+ Kf8 {#R} 0-1

[Event "It (open) \"]
[Site "masterchessopen.com Moscow (Russia)"]
[Date "2012.02.08"]
[Round "2"]
[White "Matinian Nikita (RUS)"]
[Black "Bogdanovich Stanislav (UKR)"]
[Result "1-0"]
[WhiteElo "2438"]
[BlackElo "2513"]

1.e4 e5 2.Nf3 Nc6 3.Bb5 a6 4.Ba4 Nf6 5.O-O Be7 6.Re1 b5 7.Bb3 d6 8.c3 O-O 9.h3
Nb8 10.d4 Nbd7 11.Nbd2 Bb7 12.Bc2 Re8 13.a4 Bf8 14.Bd3 c6 15.b4 Rc8 16.Bb2 Nb6
17.axb5 cxb5 18.d5 Nh5 19.Nb3 Nf4 20.Bf1 f5 21.Na5 Ba8 22.Nc6 Bxc6 23.dxc6 Nc4
24.Bc1 fxe4 25.Rxe4 d5 26.Bxc4 bxc4 27.Rxe5 Nd3 28.Rxe8 Qxe8 29.Rxa6 Rxc6
30.Rxc6 Qxc6 31.Be3 Be7 32.Nd4 Qa8 33.b5 Bc5 34.Qg4 Qb7 35.Qe6+ Qf7 36.Qc8+
Qf8 37.Qc6 Qd6 38.Ne6 {#r} 1-0

[Event "Ch Southern FO (open)"]
[Site "masterchessopen.com Armavir (Russia)"]
[Round "3"]
[White "Kruglyak Nikita (RUS)"]
[Black "Rjabzev Konstantin (RUS)"]
[Result "0-1"]
[WhiteElo "2037"]
[BlackElo "2274"]

1.e4 e5 2.Nf3 Nc6 3.Bb5 a6 4.Ba4 Nf6 5.O-O Be7 6.Re1 b5 7.Bb3 d6 8.c3 O-O 9.h3
Nb8 10.d4 Nbd7 11.Nbd2 Bb7 12.Bc2 Re8 13.Nf1 Bf8 14.Ng3 g6 15.Nh2 c5 16.f4
cxd4 17.cxd4 exd4 18.Qxd4 d5 19.Kh1 Bc5 20.Qd2 dxe4 21.b4 e3 22.Qd3 Bxb4
23.Rxe3 Nc5 24.Qe2 Nd5 {#R} 0-1

[Event "Bundesliga 2011/12"]
[Site "masterchessopen.com Austria"]
[Date "2012.03.01"]
[Round "4"]
[White "Neuschmied Siegfried (AUT)"]
[Black "Diermair Andreas (AUT)"]
[Result "0-1"]
[WhiteElo "2308"]
[BlackElo "2429"]

1.e4 e5 2.Nf3 Nc6 3.Bb5 a6 4.Ba4 Nf6 5.O-O Be7 6.Re1 b5 7.Bb3 d6 8.c3 O-O 9.h3
Nb8 10.d4 Nbd7 11.Nbd2 Bb7 12.Bc2 Re8 13.b3 c6 14.Bb2 Bf8 15.a4 Qc7 16.Bd3 g6
17.Qc2 Rac8 18.Rad1 Nh5 19.Qb1 Nf4 20.Bf1 Ne6 21.Qa1 Bg7 22.Bd3 Qb6 23.Bc2
Rcd8 24.Nf1 Qc7 25.Ne3 d5 26.dxe5 Nxe5 27.Nxe5 Bxe5 28.Ng4 Bg7 29.e5 c5 30.Qc1
Qe7 31.f4 h5 32.Nh2 Qh4 33.f5 Nf4 34.Nf1 d4 35.g3 Qxh3 36.Rd2 Qh1+ {#R} 0-1

[Event "It (open)"]
[Site "masterchessopen.com Reykjavik (Iceland)"]
[Date "2012.03.10"]
[Round "5"]
[White "Thomassen Joachim (NOR)"]
[Black "Avrukh Boris (ISR)"]
[Result "0-1"]
[WhiteElo "2400"]
[BlackElo "2605"]

1.e4 e5 2.Nf3 Nc6 3.Bb5 a6 4.Ba4 Nf6 5.O-O Be7 6.Re1 b5 7.Bb3 d6 8.c3 O-O 9.h3
Nb8 10.d4 Nbd7 11.c4 c6 12.Nc3 b4 13.Na4 c5 14.d5 Ne8 15.Bc2 g6 16.Bh6 Ng7
17.g4 Kh8 18.Kh2 Nf6 19.Rg1 Ng8 20.Qd2 Nxh6 21.Qxh6 Rg8 22.h4 Ne8 23.Rg3 Nf6
24.Rag1 Bf8 25.Qe3 h5 26.Ng5 Kg7 27.f3 Rh8 28.Bd1 Kg8 29.R1g2 Ra7 30.Kg1 Bh6
31.Rf2 Re7 32.b3 hxg4 33.fxg4 {#R} 0-1

[Event "Ch Czech Republic (juniors) (under 10)"]
[Site "masterchessopen.com Kouty nad Desnou (Czech Republic)"]
[Date "2012.03.11"]
[Round "2"]
[White "Vyvial Patrik"]
[Black "Ludvik Tomas"]
[Result "0-1"]
[WhiteElo "1100"]
[BlackElo "1309"]

1.e4 e5 2.Nf3 Nc6 3.Bb5 a6 4.Ba4 Nf6 5.O-O d6 6.h3 Be7 7.Re1 O-O 8.c3 b5 9.Bb3
Nb8 10.d4 Nbd7 11.Nbd2 Bb7 12.a4 Rb8 13.axb5 axb5 14.Ra7 c5 15.d5 c4 16.Bc2
Nc5 17.Ra2 Qb6 18.Nf1 Ra8 19.Rxa8 Rxa8 20.Be3 Nfd7 21.Ng3 b4 22.Nf5 Bf8 23.Ng5
h6 24.Nf3 b3 25.Bb1 Ra1 26.Qd2 Qb5 27.g4 Nf6 28.g5 Nfxe4 29.Qe2 hxg5 30.Nxg5
Nxg5 31.Bxg5 Bxd5 32.Ng3 e4 33.Qh5 Nd3 34.Re2 Rxb1+ 35.Kh2 Ne1 36.Bf6 Nf3+
37.Kg2 Rg1# 0-1

[Event "Ch Europe (seniors) (team)"]
[Site "masterchessopen.com Rogatska Slatina (Slovenia)"]
[Date "2012.03.27"]
[Round "1"]
[White "Lyly Seppo (FIN)"]
[Black "Falk Thomas (GER)"]
[Result "0-1"]
[WhiteElo "1939"]
[BlackElo "2132"]

1.e4 e5 2.Nf3 Nc6 3.Bb5 a6 4.Ba4 Nf6 5.O-O Be7 6.Re1 b5 7.Bb3 d6 8.c3 O-O 9.h3
Nb8 10.d4 Nbd7 11.Nbd2 Bb7 12.Bc2 Re8 13.Nf1 Bf8 14.Ng3 g6 15.b4 Nb6 16.Bb3
Bg7 17.dxe5 dxe5 18.Qe2 Qe7 19.Nh2 c5 20.Be3 Nfd7 21.a3 Rac8 22.Rac1 Rc7
23.Nf3 Qf8 24.Ng5 c4 25.Bc2 Bh6 26.Qg4 Rc6 27.Nf5 gxf5 28.exf5 Qg7 29.Be4 Nf6
30.Bxc6 Nxg4 31.Bxe8 Nxe3 32.Rxe3 Bxg5 {#R} 0-1

[Event "Tournament (universities) (under 27)"]
[Site "masterchessopen.com Bucaramanga (Colombia)"]
[Date "2012.03.30"]
[Round "2"]
[White "Gomez Garrido Camilo Ernesto"]
[Black "Dominguez Miller"]
[Result "1-0"]
[WhiteElo "2515"]
[BlackElo "2007"]

1.e4 e5 2.Nf3 Nc6 3.Bb5 a6 4.Ba4 Nf6 5.O-O Be7 6.Re1 b5 7.Bb3 d6 8.c3 O-O 9.h3
Nb8 10.d4 Nbd7 11.Nbd2 Bb7 12.Bc2 Re8 13.a4 c6 14.Bd3 Bf8 15.Qc2 Nb6 16.b3 g6
17.Bb2 Nh5 18.dxe5 dxe5 19.c4 bxa4 20.Bxe5 Rxe5 21.Nxe5 Nf4 22.Bf1 Nxh3+
23.gxh3 Qg5+ 24.Ng4 f5 25.Nf3 Qf4 26.Ngh2 {#r} 1-0

[Event "It (open)"]
[Site "masterchessopen.com Skopje (Macedonia)"]
[Date "2012.04.12"]
[Round "7"]
[White "Hunt Adam (ENG)"]
[Black "Veleski Robert (MKD)"]
[Result "1-0"]
[WhiteElo "2462"]
[BlackElo "2267"]

1.e4 e5 2.Nf3 Nc6 3.Bb5 a6 4.Ba4 Nf6 5.O-O Be7 6.Re1 b5 7.Bb3 d6 8.c3 O-O 9.h3
Nb8 10.d4 Nbd7 11.Nbd2 Bb7 12.Bc2 Re8 13.Nf1 Bf8 14.Ng3 g6 15.Bg5 h6 16.Bd2
Bg7 17.a4 Nb6 18.a5 Nc4 19.Bc1 exd4 20.cxd4 c5 21.b3 Nxa5 22.dxc5 Nd7 23.Bd2
Bxa1 24.Qxa1 Nc6 25.cxd6 Nde5 26.Nxe5 Nxe5 27.Bxh6 Qxd6 28.Re2 Rac8 29.f4 Qc5+
30.Kh2 Kh7 31.Bg5 Nc6 32.Nh5 gxh5 33.Qf6 Qxg5 34.e5+ Kg8 35.Qxg5+ Kf8 36.Qh6+
{#r} 1-0

[Event "It (open)"]
[Site "masterchessopen.com Osasco (Brazil)"]
[Date "2012.04.20"]
[Round "2"]
[White "Matsuura Everaldo (BRA)"]
[Black "Cabral Gieds Nogueira (BRA)"]
[Result "1-0"]
[WhiteElo "2486"]
[BlackElo "1997"]

1.e4 e5 2.Nf3 Nc6 3.Bb5 a6 4.Ba4 Nf6 5.O-O b5 6.Bb3 Be7 7.Re1 d6 8.c3 O-O 9.h3
Nb8 10.d4 Nbd7 11.Nbd2 c5 12.Nf1 Qc7 13.Ne3 g6 14.Nd5 Nxd5 15.Bxd5 Bb7 16.Bxb7
Qxb7 17.Nh2 f5 18.exf5 gxf5 19.dxe5 dxe5 20.Bf4 Rad8 21.Qh5 e4 22.Re3 Qd5
23.Rd1 Qxa2 24.Rg3+ Kh8 25.Rxd7 Rxd7 26.Be5+ {#r} 1-0

[Event "Ch China (team)"]
[Site "masterchessopen.com Beijing (China)"]
[Date "2012.04.30"]
[Round "3"]
[White "Zhai Mo (CHN)"]
[Black "Zhao Xue (CHN)"]
[Result "0-1"]
[WhiteElo "2262"]
[BlackElo "2543"]

1.e4 e5 2.Nf3 Nc6 3.Bb5 a6 4.Ba4 Nf6 5.O-O Be7 6.Re1 b5 7.Bb3 d6 8.c3 O-O 9.h3
Nb8 10.d4 Nbd7 11.Nbd2 Bb7 12.Bc2 Re8 13.a4 Bf8 14.Bd3 c6 15.b3 g6 16.Ba3 Nh5
17.Qc2 Nf4 18.Bf1 Ne6 19.g3 Qb6 20.Rad1 Rac8 21.h4 exd4 22.cxd4 d5 23.Bxf8
Ndxf8 24.b4 Red8 25.e5 bxa4 26.Qxa4 Nxd4 27.Nxd4 Qxd4 28.Nc4 Qa7 29.Nd6 Rb8
30.Qa5 Ne6 31.Rc1 Ba8 32.Rb1 Nd4 33.Re3 f6 34.b5 fxe5 35.bxc6 Bxc6 36.Nb5 Bxb5
37.Bxb5 Qc5 38.Qxa6 Rxb5 {#R} 0-1